Central Library OPAC University of Rajshahi

Life in Georgian England / (Record no. 23833)

MARC details
000 -LEADER
fixed length control field 00825cam a22002651 4500
001 - CONTROL NUMBER
control field 23833
003 - CONTROL NUMBER IDENTIFIER
rucl marc code BD-RjUL
005 - DATE AND TIME OF LATEST TRANSACTION
control field 20211209000957.0
008 - FIXED-LENGTH DATA ELEMENTS--GENERAL INFORMATION
fixed length control field 721012s1962 enka 000 0 eng
035 ## - SYSTEM CONTROL NUMBER
System control number (BD-RjUL)23898
System control number (BD-RjUL)23898
040 ## - CATALOGING SOURCE
Original cataloging agency DLC
Transcribing agency OAU
Modifying agency OCoLC
-- Uk
-- BD-RjUL
-- BD-RjUL
Language of cataloging eng
041 ## - LANGUAGE CODE
Language code of text/sound track or separate title eng
082 ## - DEWEY DECIMAL CLASSIFICATION NUMBER
Classification number 914.2
Author mark and year WIL 1962
100 1# - MAIN ENTRY--PERSONAL NAME
Personal name Williams, E. Neville.
9 (RLIN) 26149
245 10 - TITLE STATEMENT
Title Life in Georgian England /
Statement of responsibility, etc. E. Neville Williams.
260 ## - PUBLICATION, DISTRIBUTION, ETC. (IMPRINT)
Place of publication, distribution, etc. London,
Name of publisher, distributor, etc. B. T. Batsford;
Place of publication, distribution, etc. New York,
Name of publisher, distributor, etc. Putnam
Date of publication, distribution, etc. 1962.
300 ## - PHYSICAL DESCRIPTION
Pagination 176 p. :
Illustrations illus. ;
Size 23 cm.
651 #0 - SUBJECT ADDED ENTRY--GEOGRAPHIC NAME
Geographic name England
General subdivision Social life and customs
Chronological subdivision 18th century.
9 (RLIN) 73392
Geographic name Great Britain
General subdivision History
Chronological subdivision 18th century.
9 (RLIN) 73393
942 ## - ADDED ENTRY ELEMENTS (KOHA)
Source of classification or shelving scheme Dewey Decimal Classification
Koha item type Books
Holdings
Lost status Source of classification or shelving scheme Damaged status Not for loan Collection code Permanent Location Current Location Shelving location Date acquired Source of acquisition Total Checkouts Full call number Date last seen Copy number Koha item type
  Dewey Decimal Classification   Added to bundle Non-fiction Central Library, University of Rajshahi Central Library, University of Rajshahi Reading Room 24/02/1985 Asia foundation   914.2 WIL 1962 11/03/2014 C-1 Books